000 01276nam a2200373Ia 4500
001 dia_2520
003 CHAP
005 20240223124022.0
007 ta
008 220117s2003 mx ado f 001 0 spa d
040 _amxchpua
_cCHAP
090 _aT.C.361
_bG66 SAI
_c2003
245 1 0 _aSistemas agroindustriales cítricos (SAIC) /
_ccoordinador Adalberto Gómez Cruz ; colaborador Luis Aguilar Modesto...[et al.]
260 _aMéxico :
_bEl autor,
_c2003
300 _a57 hojas :
_bilustraciones, tablas, gráficas
336 _2rdacontent
_atexto
_btxt
337 _2rdamedia
_asin medio
_bn
338 _2rdacarrier
_avolumen
_bnc
500 _aGrado : 6° año Grupo : 01
502 _aViaje de Estudios
_b(SAI) --
_cUACh. Departamento de Ingeniería Agroindustrial,
_d2003
504 _aBibliografía : hoja 46
650 1 3 _aCítricos
_xIndustria
_924439
650 1 3 _aLimón
_966813
650 1 3 _aCitrus fruits
_9152026
650 1 3 _aLemons
_9148301
700 1 _aGómez Cruz, Adalberto
_9147645
_ecoordinador
700 1 _aAguilar Modesto, Luis
_92769
_ecolaborador
901 _aT.C.361 G66 SAI 2003
902 _aM
905 _a5132272003 mx dnm 8223123322sap16
942 _2local
942 _cVE
999 _c173042
_d173042